Physiology of fungi. (Record no. 27301)

MARC details
000 -LEADER
fixed length control field 00357nam a2200145Ia 4500
082 ## - DEWEY DECIMAL CLASSIFICATION NUMBER
Classification number 582.28
Item number BIL
100 ## - MAIN ENTRY--AUTHOR NAME
Personal name BILGRAMI, K S
245 #0 - TITLE STATEMENT
Title Physiology of fungi.
260 ## - PUBLICATION, DISTRIBUTION, ETC. (IMPRINT)
Place of publication New Delhi
Name of publisher Vikas
Year of publication 1978
650 ## - SUBJECT ADDED ENTRY--TOPICAL TERM
Topical Term Fungal metabolites
650 ## - SUBJECT ADDED ENTRY--TOPICAL TERM
Topical Term Fungi Physiology
700 ## - ADDED ENTRY--PERSONAL NAME
Personal name VERMA, R N
942 ## - ADDED ENTRY ELEMENTS (KOHA)
Koha item type Books
Holdings
Withdrawn status Lost status Damaged status Not for loan Home library Current library Date acquired Full call number Accession Number Koha item type
        RRII Library RRII Library 16/12/2021 582.28 BIL 07928 Books